| 000 | 01079nam a22003617a 4500 | ||
|---|---|---|---|
| 001 | 20512456 | ||
| 003 | LIBRIS | ||
| 005 | 20241110204334.0 | ||
| 008 | 170411s2018 xxua||||||||||001 0deng|c | ||
| 020 | _a9780323353175 | ||
| 040 |
_aLbmc _ea _ceng |
||
| 041 | _aeng | ||
| 080 |
_a616 _bR-66 |
||
| 082 | 0 | 4 |
_a616.07 _223 |
| 084 |
_aVeac _2kssb/8 |
||
| 245 | 1 | 0 |
_aRobbins basic pathology / _c[edited by] Vinay Kumar, Abul K. Abbas, Jon C. Aster. |
| 246 | 1 | _aBasic pathology | |
| 250 | _a10. ed. | ||
| 260 |
_aPhiladelphia, PA : _bElsevier Science Health Science, _c2018. |
||
| 300 |
_axiv, 935 s. _bill. |
||
| 365 | _b81.52 usd | ||
| 504 | _aIncludes bibliographical references and index. | ||
| 650 | 1 | 2 | _aPathologic Processes |
| 650 | 0 | _aPathology | |
| 653 | _aპათოლოგია | ||
| 700 | 1 |
_aKumar, Vinay, _d1944- _4edt |
|
| 700 | 1 |
_aAbbas, Abul K. _4edt |
|
| 700 | 1 |
_aAster, Jon C. _4edt |
|
| 700 | 1 |
_aRobbins, Stanley L. _q(Stanley Leonard), _d1915-2003. _4edt |
|
| 942 |
_2udc _cBK |
||
| 999 |
_c373 _d373 |
||